Loading...
| Science - Chemistry | 0 | 5 | 1 | 1 | 45 | 24 | 54.60 | 2 | 3 | 19.34 | 32.33 |
| Literature - World | 0 | 3 | 0 | 1 | 30 | 53 | 90.33 | 0 | 0 | 6.49 | 13.43 |
| Science - Other | 0 | 3 | 1 | 2 | 25 | 25 | 78.00 | 1 | 1 | 6.88 | 10.83 |
| Science - Biology | 0 | 4 | 3 | 0 | 25 | 51 | 65.25 | 0 | 0 | 13.96 | 17.08 |
| Social Science | 0 | 2 | 0 | 1 | 20 | 47 | 78.50 | 0 | 0 | 6.11 | 9.20 |
| Religion | 0 | 2 | 0 | 1 | 20 | 111 | 115.00 | 0 | 0 | 0.61 | 2.56 |
| Fine Arts - Classical Music | 0 | 1 | 0 | 1 | 10 | 98 | 98.00 | 0 | 0 | 1.14 | 3.79 |
| Fine Arts - Other | 0 | 1 | 0 | 1 | 10 | 114 | 114.00 | 0 | 0 | 0.00 | 0.91 |
| History - American | 0 | 1 | 0 | 0 | 10 | 33 | 33.00 | 0 | 1 | 6.46 | 8.18 |
| History - European | 0 | 1 | 0 | 1 | 10 | 37 | 37.00 | 0 | 1 | 5.95 | 2.27 |
| Literature - American | 0 | 1 | 0 | 0 | 10 | 109 | 109.00 | 0 | 0 | 0.24 | 1.52 |
| Literature - British | 0 | 1 | 0 | 0 | 10 | 93 | 93.00 | 0 | 0 | 1.80 | 3.79 |
| Science - Physics | 0 | 1 | 0 | 1 | 10 | 104 | 104.00 | 0 | 0 | 0.00 | 3.03 |
| History - Other | 0 | 1 | 1 | 1 | 5 | 109 | 109.00 | 0 | 0 | 0.08 | 0.76 |
| Popular Culture | 0 | 1 | 1 | 0 | 5 | 92 | 92.00 | 0 | 0 | 2.86 | 1.43 |
| Mythology | 0 | 0 | 1 | 0 | -5 | 0.00 | 0 | 0 | 0.00 | 0.00 |